Capitale des pays commençant par A - Statistiques

Statistiques générales
  • Ce quiz a été pris 173 fois
  • Le résultat moyen est 12 sur 14
Statistiques - réponses
Pays Capitale % Correct
Algérie Alger
100%
Allemagne Berlin
98%
Andorre Andorre-la-Vieille
96%
Autriche Vienne
96%
Argentine Buenos Aires
95%
Afrique du Sud Bloemfontein / Le Cap / Pretoria
94%
Australie Canberra
92%
Afghanistan Kaboul
91%
Albanie Tirana
91%
Arabie Saoudite Riyad
84%
Arménie Erevan
80%
Azerbaïdjan Bakou
74%
Angola Luanda
71%
Antigua-et-Barbuda Saint John's
40%
Aucun quiz correspondant
Distribution des résultats
% des personnes avec chaque résultat
Percentile par nombre de réponses
Votre historique - résultats
Vous n’avez pas pris ce quiz